[Event "Titled Tue 26th Aug Late"]
[Site "chess.com INT"]
[Date "2025.08.26"]
[Round "9"]
[White "Foldes, Marton Gabor"]
[Black "Shton, Roman"]
[Result "1-0"]
[WhiteTitle "FM"]
[WhiteElo "2293"]
[BlackElo "2081"]
[WhiteFideId "794708"]
[BlackFideId "14137461"]
[EventDate "2025.08.26"]

1. Nf3 d5 2. g3 Nd7 3. d4 Nb6 4. a4 a5 5. Bg2 Nf6 6. Nc3 Bf5 7. Nh4 Bg4 8. h3
Bh5 9. g4 Bg6 10. Nxg6 hxg6 11. e4 dxe4 12. Nxe4 c6 13. c3 e6 14. O-O Nbd5 15.
Nxf6+ gxf6 16. c4 Nb4 17. Re1 Be7 18. Bf4 Bd6 19. Be3 Qc7 20. Qf3 f5 21. Rad1
fxg4 22. Qxg4 Nc2 23. c5 Nxe3 24. fxe3 Bh2+ 25. Kh1 O-O-O 26. Rf1 Rd7 27. e4 Qg3
28. Qxg3 Bxg3 29. d5 exd5 30. exd5 cxd5 31. Rxd5 Rxd5 32. Bxd5 f5 33. Bf7 f4 34.
Kg2 g5 35. Rd1 Kc7 36. Be6 Re8 37. Bg4 Re7 38. Bf3 b6 39. cxb6+ Kxb6 40. Rd6+
Kc5 41. Rd5+ Kb4 42. Rxg5 Kxa4 43. Rc5 Kb4 44. Rc3 a4 45. Rd3 Rc7 46. Rd4+ Kb3
47. Bd5+ Kxb2 48. Rxa4 Rc2+ 49. Kf3 Rf2+ 50. Kg4 Rd2 51. Bf3 Kc1 52. Rc4+ Kb2
53. h4 Rd8 54. h5 Rg8+ 55. Kf5 Re8 56. h6 Re3 57. h7 Re8 58. Kg6 Bh4 59. Kg7 Re6
60. h8=Q Bf6+ 61. Kf7 Bxh8 62. Kxe6 Bc3 63. Rxf4 Kb3 64. Re4 Kb2 65. Kd5 Kb3 66.
Be2 Kb2 67. Bd3 Kc1 68. Kc4 Kd2 69. Re2+ Kd1 70. Kxc3 Kc1 71. Re1# 1-0

[Event "Titled Tue 26th Aug Late"]
[Site "chess.com INT"]
[Date "2025.08.26"]
[Round "9"]
[White "Pontes, Luiz Felizola Lima"]
[Black "Schuster, Karsten"]
[Result "0-1"]
[BlackTitle "FM"]
[WhiteElo "1871"]
[BlackElo "2266"]
[WhiteFideId "44709919"]
[BlackFideId "4611071"]
[EventDate "2025.08.26"]

1. e4 d5 2. exd5 Qxd5 3. Nf3 Nf6 4. Be2 c6 5. d4 Bg4 6. h3 Bh5 7. c4 Qa5+ 8. Bd2
Qc7 9. O-O e6 10. Nc3 Nbd7 11. Re1 Be7 12. Ne5 Bxe2 13. Qxe2 O-O 14. Bg5 Rae8
15. Nxd7 Qxd7 16. Rad1 h6 17. Bh4 Bd8 18. Ne4 Nxe4 19. Qxe4 Bxh4 20. Qxh4 Rd8
21. Qe4 Rfe8 22. Qe5 Qd6 23. a3 Rd7 24. Kf1 Red8 25. Qxd6 Rxd6 26. Re4 c5 27. d5
exd5 28. cxd5 Kf8 29. b4 Rxd5 30. Rxd5 Rxd5 31. bxc5 Rxc5 32. Rb4 b6 33. Ke2 Ke7
34. Re4+ Kd6 35. Ra4 a5 36. Rf4 f6 37. Rg4 g5 38. Rd4+ Rd5 39. Rc4 b5 40. Rc8
Rc5 41. Rd8+ Ke5 42. Re8+ Kf5 43. Ra8 b4 44. axb4 axb4 45. Rb8 Rc2+ 46. Ke3 Rb2
47. g4+ Ke5 48. Rb5+ Ke6 49. Rb6+ Ke7 50. Rb7+ Kd6 51. Rb6+ Kc5 52. Rxf6 Rb3+
53. Ke4 Rxh3 54. Rf8 Kc4 55. Rc8+ Kb3 56. Kd4 Rf3 57. Rh8 Rxf2 58. Rxh6 Rf4+ 59.
Kc5 Rxg4 60. Rb6 Kc3 61. Rc6 b3 62. Kb5+ Kb2 63. Rc7 Kb1 64. Rd7 b2 65. Re7 Rg3
66. Re1+ Kc2 67. Re2+ Kc3 68. Re1 Rf3 69. Ka4 Rf4+ 70. Ka3 Rf2 71. Ka2 g4 72.
Rg1 Rf4 73. Rg3+ Kd2 74. Kxb2 Ke2 75. Kc2 Kf2 76. Ra3 g3 77. Kd2 g2 78. Ra2 g1=Q
79. Kd3+ Kg3 80. Rg2+ Kxg2 81. Kc3 Rd4 82. Kb3 Qe3+ 83. Kc2 Rd2+ 84. Kc1 Qe1# 0-1

[Event "Titled Tue 26th Aug Late"]
[Site "chess.com INT"]
[Date "2025.08.26"]
[Round "9"]
[White "Carafizi, Vasile"]
[Black "Tureshbayev, Anuar"]
[Result "1-0"]
[WhiteTitle "FM"]
[BlackTitle "CM"]
[WhiteElo "2134"]
[BlackElo "2214"]
[WhiteFideId "4002539"]
[BlackFideId "651081709"]
[EventDate "2025.08.26"]

1. d4 d5 2. c4 e6 3. Nc3 a6 4. Nf3 dxc4 5. a4 Nc6 6. Bg5 Be7 7. h4 h6 8. Bxe7
Ngxe7 9. e4 Na5 10. Ne5 c5 11. d5 exd5 12. exd5 O-O 13. Nxc4 Re8 14. Ne3 Nf5 15.
Qf3 Nb3 16. Rd1 Nbd4 17. Qf4 Nxe3 18. fxe3 Rxe3+ 19. Kf2 Re8 20. Bd3 h5 21. Rhf1
Bg4 22. Kg1 Rf8 23. Rde1 Qxh4 24. Ne4 Rae8 25. d6 Ne6 26. Qd2 f5 27. Nc3 Nd4 28.
b4 Qg3 29. Bc4+ Kh8 30. bxc5 Nf3+ 31. Rxf3 Rxe1+ 32. Rf1 Rxf1+ 33. Bxf1 Qe5 34.
Nd5 f4 35. Ne7 Qxc5+ 36. Kh1 Rd8 37. Qd3 Qxd6 38. Qe4 Qf6 39. Bd3 Rxd3 40. Ng6+
Kh7 41. Nf8+ Kh6 42. Qh7+ Kg5 43. Qxd3 Qxf8 44. Qd5+ Qf5 45. Qd8+ Qf6 46. Qg8
Bf5 47. Qd5 h4 48. Qf3 h3 49. Qf2 Qa1+ 50. Kh2 hxg2 51. Qxg2+ Bg4 52. Qd5+ Kh4
53. Qd8+ Qf6 54. Qh8+ Qh6 55. Qe8 g5 56. Kg1 Kg3 57. Qe1+ Kh3 58. Qf1+ Kh4 59.
Qf2+ Kh5 60. Qb6 Kh4 61. Qf2+ Kh5 62. Qh2+ Kg6 63. Qf2 Qh3 64. Qc2+ Kh5 65. Qc7 1-0

[Event "Titled Tue 26th Aug Late"]
[Site "chess.com INT"]
[Date "2025.08.26"]
[Round "9"]
[White "Ferrara, Enzo"]
[Black "Goncharov, Vladimir"]
[Result "0-1"]
[WhiteElo "2138"]
[BlackElo "2077"]
[WhiteFideId "137731"]
[BlackFideId "34162256"]
[EventDate "2025.08.26"]

1. d4 Nf6 2. c4 c5 3. d5 e6 4. Nc3 exd5 5. cxd5 d6 6. Nf3 g6 7. Bf4 a6 8. a4 Bg7
9. e3 O-O 10. Be2 Qe7 11. Nd2 Nbd7 12. O-O Ne8 13. Nc4 Ne5 14. Nb6 Rb8 15. a5 f5
16. h3 g5 17. Bh2 f4 18. exf4 gxf4 19. Bf3 Bh6 20. Re1 Ng7 21. Nc4 Nxf3+ 22.
Qxf3 Qd8 23. Ne4 Nf5 24. Qh5 Bg7 25. Ng5 h6 26. Ne6 Bxe6 27. Rxe6 Nd4 28. Rxd6
Qe7 29. Rg6 Rbe8 30. Rf1 Rf5 31. Qxh6 Rxd5 32. Bxf4 Ne2+ 33. Kh1 Nxf4 34. Qxf4
Rd4 35. Qc1 Qf7 36. Rxg7+ Qxg7 37. Ne3 Qe5 38. Ng4 Qd6 39. Qg5+ Kf7 40. Qf5+ Ke7
41. Re1+ Kd8 42. Qg5+ Re7 43. Qg8+ Kc7 44. Rxe7+ Qxe7 45. Qg6 Rd1+ 46. Kh2 Qd6+
47. Qxd6+ Kxd6 48. h4 Ke6 49. h5 Kf7 50. Kg3 Rb1 51. f4 Rxb2 52. Ne5+ Kf6 53.
Kf3 Rb3+ 54. Ke4 Rb4+ 55. Kd5 Rxf4 56. h6 Rh4 57. h7 Rxh7 58. Ng4+ Kf5 59. Ne3+
Kf4 60. Nc4 Rh5+ 61. Kd6 Ke4 62. Kc7 Kd4 63. Nd6 c4 64. Kxb7 c3 65. Nf7 c2 66.
Kxa6 c1=Q 67. Nd8 Qc4+ 68. Kb7 Rh7+ 69. Kb8 Qc7+ 70. Ka8 Qa7# 0-1

[Event "Titled Tue 26th Aug Late"]
[Site "chess.com INT"]
[Date "2025.08.26"]
[Round "9"]
[White "Jahnz, Laurin"]
[Black "Sharankov, Grigory"]
[Result "0-1"]
[WhiteTitle "CM"]
[BlackTitle "CM"]
[WhiteElo "2219"]
[BlackElo "2238"]
[WhiteFideId "16261089"]
[BlackFideId "4168356"]
[EventDate "2025.08.26"]

1. e4 c6 2. Nf3 d5 3. Nc3 g6 4. d4 Bg7 5. h3 dxe4 6. Nxe4 Nf6 7. Nxf6+ exf6 8.
Bf4 O-O 9. Qd2 Re8+ 10. Be2 Nd7 11. O-O Nf8 12. Rfe1 Ne6 13. Bh6 Nxd4 14. Qxd4
Qxd4 15. Nxd4 Bxh6 16. Bc4 Bd7 17. Rad1 Rxe1+ 18. Rxe1 Bf8 19. Kf1 Rd8 20. g4
Bxg4 21. hxg4 Rxd4 22. Bb3 Rxg4 23. Re8 Rd4 24. Ra8 a6 25. Ra7 Rd7 26. Bc4 Bc5
27. Ra8+ Kg7 28. Bd3 f5 29. a3 h5 30. b4 Bd4 31. f3 h4 32. Kg2 Kf6 33. f4 Kg7
34. Re8 Bf6 35. Rb8 Bb2 36. a4 Bf6 37. Kh3 Be7 38. b5 cxb5 39. axb5 axb5 40.
Bxb5 Rc7 41. Bd3 Bd6 42. Kxh4 Bxf4 43. Re8 Bd6 44. Kh3 Be7 45. Ra8 Kf6 46. Ra4
Rc6 47. Ra1 b6 48. Rb1 Rd6 49. Rb5 Kg7 50. Kg3 Bf6 51. Kf3 Be7 52. Rb1 Re6 53.
Rb5 Kf6 54. Rb1 Bc5 55. Rf1 Re3+ 56. Kg2 Ke5 57. Ra1 f4 58. Ra7 Kf6 59. Ra1 g5
60. Rh1 g4 61. Rh5 Rg3+ 62. Kf1 Rg1+ 63. Ke2 f3+ 64. Kd2 f2 65. Rf5+ Ke6 66. Rg5
g3 67. c4 f6 68. Rg8 g2 69. Be2 f1=Q 70. Bg4+ Kf7 71. Rd8 Qf2+ 72. Be2 Re1 73.
Rd7+ Ke6 74. Rd3 Qxe2+ 75. Kc3 Qxd3+ 76. Kxd3 Re3+ 77. Kd2 g1=Q 78. Kc2 Qf2+ 79.
Kd1 Re1# 0-1

[Event "Titled Tue 26th Aug Late"]
[Site "chess.com INT"]
[Date "2025.08.26"]
[Round "9"]
[White "Sarana, Alexey"]
[Black "Naroditsky, Daniel"]
[Result "1-0"]
[WhiteTitle "GM"]
[BlackTitle "GM"]
[WhiteElo "2691"]
[BlackElo "2619"]
[WhiteFideId "24133795"]
[BlackFideId "2026961"]
[EventDate "2025.08.26"]

1. d4 Nf6 2. c4 e6 3. Nc3 Bb4 4. f3 d5 5. a3 Bd6 6. e4 c5 7. dxc5 Bxc5 8. cxd5
exd5 9. Nxd5 Nxd5 10. Bb5+ Nc6 11. Qxd5 Qa5+ 12. b4 Qxb5 13. Qxc5 Qxc5 14. bxc5
Nd4 15. Rb1 O-O 16. Ne2 Nxe2 17. Kxe2 f5 18. Bb2 fxe4 19. fxe4 Bd7 20. Ke3 Bc6
21. Rhf1 Rxf1 22. Rxf1 Re8 23. Rf4 g5 24. Rg4 h6 25. h4 Kf7 26. hxg5 hxg5 27.
Kd3 Rg8 28. Bc1 Bd7 29. Rxg5 Rxg5 30. Bxg5 Ke6 31. Ke3 Be8 32. Bf4 a6 33. Bc7
Bg6 34. Kf4 Bh7 35. g4 Bg6 36. Kf3 Bh7 37. Bh2 Bg6 38. Ke3 Bh7 39. Bg3 Bg6 40.
Bb8 Bh7 41. Bc7 Bg6 42. Kd4 Bh7 43. a4 Bg6 44. Bd8 Bh7 45. a5 Bg6 46. Bc7 Bh7
47. Bd8 Kd7 48. Bf6 Ke6 49. Bg7 Bg6 50. Bh8 Bh7 51. Be5 Bg6 52. Bg3 Bh7 53. Ke3
Bg6 54. Kf4 Bh7 55. Be1 Bg6 56. Bc3 Bh7 57. Bg7 Bg6 58. Bf8 Bh7 59. Bd6 Bg6 60.
e5 Bc2 61. Kg5 Bd1 62. Kf4 Bc2 63. Kg3 Bd1 64. Kh4 Bc2 65. g5 Bg6 66. Kg4 Bf7
67. Kf4 Bg6 68. Ke3 Bh7 69. Kd4 Kd7 70. Bf8 Ke6 71. Bg7 Bg6 72. Bf6 Bh7 73. c6
bxc6 74. Kc5 Be4 75. Kb6 Bd3 76. Kxc6 Bg6 77. Kb6 Bd3 78. g6 Bxg6 79. Kxa6 Kd7
80. Kb7 Be4+ 81. Kb8 Bd3 82. Bg7 Be2 83. Bf8 Bd3 84. Bc5 Be2 85. Bd6 Bd3 86. Kb7
Be4+ 87. Kb8 Bd3 88. Kb7 Be4+ 89. Kb6 Kc8 90. a6 Kd7 91. a7 Bf3 92. Bc7 Ba8 93.
Bb8 Be4 94. Kc5 Ba8 95. Bd6 Be4 96. Kd4 Ba8 97. Ke3 Ke6 98. Kf4 Bb7 99. Kg5 Ba8
100. Kg6 Bb7 101. Kg7 Ba8 102. Kf8 Bc6 103. Bb8 Ba8 104. Ke8 Bb7 105. Kd8 Be4
106. Bd6 Ba8 107. Kc7 Bd5 108. Kb8 1-0

[Event "Titled Tue 26th Aug Late"]
[Site "chess.com INT"]
[Date "2025.08.26"]
[Round "9"]
[White "Lisenkov, Svyatoslav"]
[Black "Cevizci, Yusuf Baran"]
[Result "0-1"]
[WhiteTitle "FM"]
[BlackTitle "CM"]
[WhiteElo "2343"]
[BlackElo "2094"]
[WhiteFideId "34264183"]
[BlackFideId "34565400"]
[EventDate "2025.08.26"]

1. e4 e6 2. d4 d5 3. Qf3 dxe4 4. Qxe4 Nf6 5. Qh4 Be7 6. Nf3 b6 7. Bd3 Bb7 8.
Nbd2 Nc6 9. O-O Nb4 10. Bb5+ c6 11. Ba4 O-O 12. c3 Nd3 13. Bc2 Nxc1 14. Raxc1 h6
15. Ne4 c5 16. Qf4 Nxe4 17. Bxe4 Bxe4 18. Qxe4 cxd4 19. Nxd4 Rc8 20. Rcd1 Qe8
21. Rfe1 Bf6 22. Nf3 Qb5 23. Qc2 Rfd8 24. g3 Qc6 25. Kg2 Rd5 26. Rxd5 Qxd5 27.
Rd1 Qxa2 28. Rd7 Rd8 29. Qd3 Rxd7 30. Qxd7 Qd5 31. Qe8+ Kh7 32. Qxf7 a5 33. h4
b5 34. g4 Bxh4 35. Qf4 Bg5 36. Qc7 b4 37. cxb4 axb4 38. Kg3 Bf6 39. Qc2+ Kg8 40.
Qc8+ Kf7 41. Qc7+ Kg6 42. Qc2+ Kf7 43. b3 Qd6+ 44. Kg2 Bc3 45. Qe4 Qd5 46. Qf4+
Kg8 47. Kg3 Qxb3 48. g5 hxg5 49. Qb8+ Kh7 50. Nxg5+ Kg6 51. Nf3 Qd5 52. Qe8+ Kh7
53. Qe7 Be5+ 54. Kg2 b3 55. Qh4+ Kg8 56. Qh5 Bf6 57. Qe8+ Kh7 58. Qb8 b2 59. Kg3
Be5+ 60. Nxe5 b1=Q 61. Qxb1+ Kg8 62. Ng6 Qg5+ 63. Kf3 Qd5+ 64. Ke2 Qh5+ 65. Kd2
Qd5+ 66. Kc1 Qg5+ 67. f4 Qg1+ 68. Kb2 Qb6+ 69. Kc2 Qc5+ 70. Kd2 Qf2+ 71. Kc3
Qc5+ 72. Kb2 Qb6+ 73. Ka1 Qa5+ 74. Qa2 Qe1+ 75. Kb2 Qd2+ 76. Kb3 Qd3+ 77. Kb4
Qxg6 78. Qc4 Qf5 79. Kc3 Qf6+ 80. Kd3 Kf7 81. Ke3 Qf5 82. Qc7+ Kg6 83. Qe7 Qf6
84. Qe8+ Qf7 85. Qd8 Kh7 86. Qh4+ Kg8 87. Qd8+ Qf8 88. Qd7 Qc5+ 89. Ke4 Qf5+ 90.
Ke3 Qf6 91. Qe8+ Kh7 92. Qh5+ Qh6 93. Qe8 Qh3+ 94. Ke4 Qf5+ 95. Ke3 Qc5+ 96. Ke4
Qc4+ 97. Ke3 Qd5 98. Qe7 Qb3+ 99. Ke4 Qc4+ 100. Ke3 Qd5 101. Qe8 Qf5 102. Qe7
Kg6 103. Qe8+ Qf7 104. Qd8 Qf6 105. Qh8 Kf7 106. Qh5+ Qg6 107. Qc5 Qg1+ 108. Ke4
Qxc5 109. f5 Qxf5+ 0-1

[Event "Titled Tue 26th Aug Late"]
[Site "chess.com INT"]
[Date "2025.08.26"]
[Round "9"]
[White "Vasynda, Oleksandr"]
[Black "Dotzer, Lukas"]
[Result "0-1"]
[WhiteTitle "FM"]
[BlackTitle "IM"]
[WhiteElo "2209"]
[BlackElo "2472"]
[WhiteFideId "14176297"]
[BlackFideId "1666975"]
[EventDate "2025.08.26"]

1. Nc3 Nf6 2. Nf3 Nc6 3. d4 d5 4. Bf4 a6 5. e3 Bf5 6. Ne5 e6 7. Be2 Nxe5 8. Bxe5
Bd6 9. g4 Bg6 10. h4 h5 11. g5 Bxe5 12. dxe5 Nd7 13. f4 c6 14. Bd3 Qb6 15. Qc1
Bxd3 16. cxd3 d4 17. Ne4 O-O 18. O-O dxe3 19. Re1 e2+ 20. Kh2 Qd4 21. Qd2 Nc5
22. Nd6 Qf2+ 23. Kh3 Qf3+ 24. Kh2 Nxd3 25. Rxe2 Nxf4 26. Re3 Qg4 27. Qf2 Ng6 28.
Re4 Qxe4 29. Nxe4 Nxe5 30. Kg3 Rad8 31. Qe2 Rd3+ 32. Kg2 Rfd8 33. Rg1 Nc4 34.
Kh2 Rd2 35. Nxd2 Rxd2 36. Rg2 Rxe2 37. Rxe2 Nb6 38. Kg3 Nd5 39. Kf3 g6 40. Ke4
Kf8 41. Kd4 Ke7 42. Kc5 Kd7 43. Rf2 b6+ 44. Kd4 c5+ 45. Ke5 Ke7 46. Rf3 Nb4 47.
a3 Nc6+ 48. Ke4 Nd4 49. Rf2 Nf5 50. b4 cxb4 51. axb4 Nxh4 52. Ra2 a5 53. bxa5
bxa5 54. Rxa5 Nf5 55. Ra7+ Kf8 56. Ke5 Ne3 57. Kf4 Nd5+ 58. Ke5 Kg7 59. Ra4 Nc3
60. Rc4 Nd5 61. Re4 Ne7 62. Kd6 Nf5+ 63. Kd7 h4 64. Ra4 h3 65. Ra3 h2 66. Rh3 f6
67. Kxe6 fxg5 68. Rxh2 g4 69. Ra2 g3 70. Ke5 Kh6 71. Kf4 Kh5 72. Kf3 Kh6 73. Ra1
Kg5 74. Ra4 Kf6 75. Ra6+ Kg5 76. Ra5 Kf6 77. Kg4 g2 78. Ra6+ Ke5 79. Ra1 Ke4 80.
Kh3 Kf3 81. Ra3+ Ne3 82. Kh2 Kf2 83. Ra2+ Kf1 84. Ra1+ Kf2 85. Ra2+ Kf3 86. Kg1
g5 87. Ra8 g4 88. Ra4 Kg3 89. Re4 Kf3 90. Re8 Nf5 91. Rf8 Kf4 92. Kxg2 Kg5 93.
Rg8+ Kf4 94. Ra8 Nh4+ 95. Kh2 Nf5 96. Ra4+ Kg5 97. Rb4 Kh4 98. Kg2 Kg5 99. Kf2
Nh4 100. Rb5+ Nf5 101. Ke2 Kf4 102. Rb4+ Kg5 103. Kd3 g3 104. Ke2 Nh4 105. Kf1
g2+ 106. Kf2 Kh5 107. Rb1 Kg4 108. Kg1 Kg3 109. Rb3+ Nf3+ 110. Rxf3+ Kxf3 111.
Kh2 Kf2 112. Kh3 g1=Q 113. Kh4 Qg6 114. Kh3 Qh5# 0-1

[Event "Titled Tue 26th Aug Late"]
[Site "chess.com INT"]
[Date "2025.08.26"]
[Round "9"]
[White "Gubajdullin, Alexei"]
[Black "Zakarian, David"]
[Result "1/2-1/2"]
[WhiteTitle "FM"]
[BlackTitle "FM"]
[WhiteElo "2228"]
[BlackElo "2301"]
[WhiteFideId "4141202"]
[BlackFideId "13301276"]
[EventDate "2025.08.26"]

1. Nf3 b5 2. g3 Bb7 3. Bg2 e5 4. O-O d6 5. c3 Nf6 6. Qb3 a6 7. Ng5 d5 8. f4 e4
9. d3 Bc5+ 10. Kh1 O-O 11. a4 h6 12. Nh3 Qd7 13. axb5 axb5 14. Rxa8 Bxa8 15. Na3
Bc6 16. Nc2 d4 17. cxd4 exd3 18. d5 Bxd5 19. Qxd3 Qxh3 20. Qxd5 Nxd5 21. Bxh3
Re8 22. Rd1 Rxe2 23. Rxd5 Rxc2 24. Rd8+ Bf8 25. Be3 Nc6 26. Ra8 g6 27. Bg2 Ne7
28. Bb7 Nf5 29. Bg1 Kg7 30. g4 Nd6 31. Bd5 Be7 32. Bb3 Rc1 33. Kg2 Bf6 34. h4
Bxh4 35. Be3 Rb1 36. Bc2 Re1 37. Kf3 Rf1+ 38. Ke2 Re1+ 39. Kf3 Bf6 40. b4 Bc3
41. Bc5 Rc1 42. Bd3 Bf6 43. Ke2 Rc3 44. g5 hxg5 45. fxg5 Be5 46. Rd8 Rb3 47. Rd7
Bf4 48. Bd4+ Kf8 49. Bf6 Ne8 50. Rd8 Bd6 51. Be4 Be7 52. Bc6 Bxf6 53. gxf6 Rb2+
54. Kd1 Rb1+ 55. Kc2 Re1 56. Bxb5 g5 57. Kd2 Re6 58. Bd7 Rd6+ 59. Ke3 Rxd7 60.
Rxd7 Nxf6 61. Rd8+ Ke7 62. Rc8 Nd5+ 63. Kd4 Nxb4 64. Rxc7+ Ke6 65. Rb7 Nc6+ 66.
Ke4 Ne7 67. Rb6+ Kd7 68. Ke5 g4 69. Rb4 f5 70. Rd4+ Ke8 71. Kf4 Kf7 72. Kg5 Ke6
73. Rd1 Nc6 74. Re1+ Kd5 75. Kxf5 g3 76. Kf4 Nd4 77. Kxg3 Nf5+ 78. Kf4 Nd4 79.
Rd1 Kc4 80. Ke4 Ne2 81. Rd2 Nc3+ 82. Ke3 Nd5+ 83. Ke4 Nc3+ 84. Ke5 Kc5 85. Rd4
Nb5 86. Rd1 Kc4 87. Rc1+ Nc3 88. Rc2 Kd3 89. Rh2 Kc4 90. Rh4+ Kc5 91. Rh5 Kc4
92. Kd6 Kd4 93. Rh4+ Ne4+ 94. Ke6 Ke3 95. Ke5 Nd2 96. Rh3+ Nf3+ 97. Kf5 Ke2 98.
Kf4 Nd2 99. Re3+ Kd1 100. Rd3 Kc2 101. Rd8 Kc3 102. Ke3 Nc4+ 103. Ke2 Kb4 104.
Kd3 Nb6 105. Kd4 Kb5 106. Rb8 Kc6 107. Rh8 Kb5 108. Rh5+ Kc6 109. Rc5+ Kd6 110.
Rc1 Nd7 111. Rh1 Nf6 112. Re1 Nd7 113. Re2 Nb6 114. Ra2 Kc6 115. Ra6 Kb5 116.
Ra7 Kc6 117. Rh7 Kb5 118. Rh5+ Kc6 119. Rc5+ Kd6 120. Rc1 Nd7 121. Rb1 Kc6 122.
Rb2 Nb6 123. Rb3 Nd7 124. Rc3+ Kd6 125. Rd3 Kc6 126. Kc4 Ne5+ 127. Kd4 1/2-1/2

[Event "Titled Tue 26th Aug Late"]
[Site "chess.com INT"]
[Date "2025.08.26"]
[Round "10"]
[White "Shandrygin, Nikita"]
[Black "Jahnz, Laurin"]
[Result "1-0"]
[WhiteTitle "FM"]
[BlackTitle "CM"]
[WhiteElo "2209"]
[BlackElo "2219"]
[WhiteFideId "24198668"]
[BlackFideId "16261089"]
[EventDate "2025.08.26"]

1. e4 c5 2. b4 b6 3. bxc5 bxc5 4. Nc3 Bb7 5. Rb1 Qc8 6. Bb2 e6 7. f4 Nf6 8. d3
d5 9. Nf3 dxe4 10. dxe4 Nxe4 11. Bb5+ Bc6 12. Nxe4 Bxb5 13. Bxg7 Rg8 14. Nf6+
Ke7 15. Nxg8+ Ke8 16. Nf6+ Ke7 17. Bxf8+ Kxf6 18. Qd6 a6 19. Qe5+ Kg6 20. Qg5# 1-0

[Event "Titled Tue 26th Aug Late"]
[Site "chess.com INT"]
[Date "2025.08.26"]
[Round "10"]
[White "Rogov, Matfey"]
[Black "Krzywda, Andrzej"]
[Result "1-0"]
[WhiteTitle "FM"]
[BlackTitle "CM"]
[WhiteElo "2348"]
[BlackElo "2149"]
[WhiteFideId "44191308"]
[BlackFideId "1114565"]
[EventDate "2025.08.26"]

1. Nf3 Nf6 2. e3 g6 3. d4 Bg7 4. Be2 O-O 5. O-O c5 6. d5 d6 7. c4 b5 8. cxb5 a6
9. Nc3 Bf5 10. a4 Ne4 11. Bd2 Nxd2 12. Qxd2 Bd7 13. Rfb1 Qa5 14. Qc1 axb5 15.
axb5 1-0

[Event "Titled Tue 26th Aug Late"]
[Site "chess.com INT"]
[Date "2025.08.26"]
[Round "10"]
[White "Federer, Colin"]
[Black "Young, Cohen"]
[Result "0-1"]
[WhiteTitle "FM"]
[BlackTitle "CM"]
[WhiteElo "2294"]
[BlackElo "2030"]
[WhiteFideId "1345117"]
[BlackFideId "4317440"]
[EventDate "2025.08.26"]

1. Nf3 Nf6 2. g3 b6 3. Bg2 Bb7 4. c4 g6 5. b3 Bg7 6. Bb2 O-O 7. O-O c6 8. Nc3 d5
9. cxd5 cxd5 10. d4 Ne4 11. Rc1 Nc6 12. e3 Ba6 13. Re1 Nb4 14. Bf1 Bxf1 15. Kxf1
Nxc3 16. Rxc3 Nxa2 17. Rc2 Nb4 18. Rc1 Qd7 19. Qd2 Qb5+ 20. Kg2 Nd3 21. Qe2
Nxe1+ 22. Qxe1 Rac8 23. Ra1 a5 0-1

[Event "Titled Tue 26th Aug Late"]
[Site "chess.com INT"]
[Date "2025.08.26"]
[Round "10"]
[White "Bortnyk, Olexandr"]
[Black "Naroditsky, Daniel"]
[Result "1-0"]
[WhiteTitle "GM"]
[BlackTitle "GM"]
[WhiteElo "2601"]
[BlackElo "2619"]
[WhiteFideId "14120828"]
[BlackFideId "2026961"]
[EventDate "2025.08.26"]

1. e4 c5 2. Nf3 e6 3. c3 d5 4. exd5 exd5 5. d4 Nf6 6. Bb5+ Bd7 7. Qe2+ Be7 8.
dxc5 O-O 9. Be3 Nc6 10. O-O Ne4 11. Rd1 Bg4 12. c4 Ne5 13. Rxd5 Qc7 14. Bd4 Bf6
15. Qxe4 Bxf3 16. gxf3 Rfe8 17. Bxe8 Rxe8 1-0

[Event "Titled Tue 26th Aug Late"]
[Site "chess.com INT"]
[Date "2025.08.26"]
[Round "10"]
[White "Jasinski, Alexander"]
[Black "Gubajdullin, Alexei"]
[Result "0-1"]
[BlackTitle "FM"]
[WhiteElo "2063"]
[BlackElo "2228"]
[WhiteFideId "55627994"]
[BlackFideId "4141202"]
[EventDate "2025.08.26"]

1. e4 c5 2. Nf3 d6 3. Bb5+ Nd7 4. d4 cxd4 5. Qxd4 a6 6. Bxd7+ Bxd7 7. c4 h6 8.
Nc3 e5 9. Qd3 Nf6 10. Be3 Bc6 11. O-O Qd7 12. a4 Be7 13. b4 Qg4 14. Nd2 O-O 15.
f3 Qg6 16. b5 Bd7 17. Rfd1 Bh3 18. Qe2 Nh5 19. Nd5 Bd8 20. Nf1 Be6 21. Kh1 Rc8
22. Bb6 Bxd5 23. cxd5 Bxb6 24. bxa6 bxa6 25. Qxa6 Rc2 26. Rd2 Rxd2 27. Nxd2 Ng3+ 0-1

[Event "Titled Tue 26th Aug Late"]
[Site "chess.com INT"]
[Date "2025.08.26"]
[Round "10"]
[White "Esquivel Golcher, Luis Enrique"]
[Black "Arnold, Rhys"]
[Result "0-1"]
[WhiteTitle "FM"]
[BlackTitle "FM"]
[WhiteElo "2044"]
[BlackElo "2269"]
[WhiteFideId "6600174"]
[BlackFideId "1068849"]
[EventDate "2025.08.26"]

1. e4 c5 2. Nf3 d6 3. d4 cxd4 4. Nxd4 Nf6 5. Nc3 Nc6 6. Be2 g6 7. Be3 Bg7 8. O-O
O-O 9. Kh1 Bd7 10. f4 Nxd4 11. Bxd4 Bc6 12. Bf3 Nd7 13. Bxg7 Kxg7 14. Qd4+ Kg8
15. Rad1 Qb6 16. Qd2 Qxb2 17. Rb1 Qa3 18. e5 Qc5 19. Bxc6 Qxc6 20. Nd5 Rfe8 21.
Rb3 Rac8 0-1

[Event "Titled Tue 26th Aug Late"]
[Site "chess.com INT"]
[Date "2025.08.26"]
[Round "10"]
[White "Carafizi, Vasile"]
[Black "Beulen, Marcel"]
[Result "1-0"]
[WhiteTitle "FM"]
[BlackTitle "FM"]
[WhiteElo "2134"]
[BlackElo "2359"]
[WhiteFideId "4002539"]
[BlackFideId "1001450"]
[EventDate "2025.08.26"]

1. e4 d5 2. exd5 Qxd5 3. Nc3 Qa5 4. h3 Nf6 5. d4 Bf5 6. Bd2 Qb6 7. Nf3 a6 8. Bc4
e6 9. O-O Qxb2 10. Bb3 Qa3 11. d5 Nbd7 12. Re1 O-O-O 13. Nd4 Nc5 14. Nb1 Nxb3
15. Nxa3 Nxa1 16. Nc4 Rxd5 17. Nxf5 1-0

[Event "Titled Tue 26th Aug Late"]
[Site "chess.com INT"]
[Date "2025.08.26"]
[Round "10"]
[White "Brilej, Jaka"]
[Black "Tarhan, Adar"]
[Result "0-1"]
[WhiteTitle "FM"]
[BlackTitle "IM"]
[WhiteElo "2334"]
[BlackElo "2474"]
[WhiteFideId "14618818"]
[BlackFideId "34544712"]
[EventDate "2025.08.26"]

1. c4 Nf6 2. g3 e6 3. Bg2 d5 4. Nf3 Be7 5. O-O O-O 6. b3 c5 7. cxd5 exd5 8. d4
Nc6 9. Bb2 Ne4 10. Nbd2 Bf6 11. e3 cxd4 12. Nxe4 dxe4 13. Nxd4 Nxd4 14. Bxd4
Bxd4 15. Qxd4 Qxd4 16. exd4 Bf5 17. Rfe1 Rfe8 18. Rac1 Rad8 19. Rc7 Rxd4 20.
Rxb7 h5 21. Rxa7 g6 22. Ra4 Rxa4 23. bxa4 Re5 24. Bf1 Be6 25. Re2 Rc5 26. Rxe4
Rc1 27. f3 Bh3 28. Kf2 Rxf1+ 29. Ke3 Ra1 30. g4 hxg4 31. fxg4 Rxa2 32. Kf3 Bg2+ 0-1

[Event "Titled Tue 26th Aug Late"]
[Site "chess.com INT"]
[Date "2025.08.26"]
[Round "10"]
[White "Svane, Rasmus"]
[Black "Mizzi, Jack"]
[Result "1-0"]
[WhiteTitle "GM"]
[BlackTitle "CM"]
[WhiteElo "2619"]
[BlackElo "2130"]
[WhiteFideId "4657101"]
[BlackFideId "5602521"]
[EventDate "2025.08.26"]

1. Nf3 Nf6 2. g3 g6 3. Bg2 Bg7 4. O-O O-O 5. d4 d5 6. c4 c6 7. Qb3 dxc4 8. Qxc4
Be6 9. Qa4 Nbd7 10. Nc3 Nb6 11. Qc2 Nbd5 12. e4 Nxc3 13. bxc3 Bc4 14. Rd1 a5 15.
Ne5 Ba6 16. a4 Rc8 17. Ba3 Nd7 18. Nd3 Re8 19. e5 Nb6 20. Nc5 Nc4 21. Bc1 Nb6
22. Rb1 Qc7 23. e6 Bc4 24. Bf4 Qxf4 25. gxf4 Nd5 26. exf7+ Kxf7 27. Bxd5+ Bxd5
28. Rxb7 Bh6 29. f5 Rg8 30. f6 Kxf6 31. c4 Bf3 32. Rd3 Bg4 33. Qc3 Bg7 34. Re3
Rcd8 35. d5+ Kg5 36. Re5+ Bxe5 37. Qxe5+ Kh6 38. Rxe7 cxd5 39. Qf4+ Kh5 40.
Rxh7# 1-0

[Event "Titled Tue 26th Aug Late"]
[Site "chess.com INT"]
[Date "2025.08.26"]
[Round "10"]
[White "Tikhonov, Viacheslav"]
[Black "Murawski, Jan"]
[Result "1-0"]
[WhiteTitle "CM"]
[BlackTitle "CM"]
[WhiteElo "2183"]
[BlackElo "2189"]
[WhiteFideId "44196407"]
[BlackFideId "21009287"]
[EventDate "2025.08.26"]

1. e4 g6 2. d4 Bg7 3. Nc3 c5 4. Nge2 cxd4 5. Nxd4 Nc6 6. Be3 d6 7. Be2 Nf6 8.
O-O O-O 9. h3 Bd7 10. f4 a6 11. Nxc6 Bxc6 12. Bf3 b5 13. e5 Bxf3 14. Qxf3 dxe5
15. fxe5 Nd7 16. e6 fxe6 17. Qe4 Ne5 18. Rxf8+ Qxf8 19. Bd4 Nf7 20. Bxg7 Kxg7
21. Qxe6 Qd8 22. Rf1 Qd4+ 23. Kh1 Rf8 24. Qxe7 b4 25. Ne4 Qe5 26. Rxf7+ 1-0